| 000 | 00454nam a2200169Ia 4500 | ||
|---|---|---|---|
| 008 | 090201s9999 xx 000 0 und d | ||
| 010 | _aKPL-13349 | ||
| 040 | _bइंग्रजी | ||
| 041 | _aइंग्रजी | ||
| 082 |
_a20347 _b13349 |
||
| 100 | _ajohn osborne | ||
| 245 |
_athe gift of friendship _cjohn osborne |
||
| 260 |
_c2004 _bfaber & faber |
||
| 300 |
_a36 _bमोठा |
||
| 600 | _athe gift of friendship | ||
| 942 | _cBOOK | ||
| 999 |
_c220125 _d220125 |
||